Inclusô dos Exclud̕os A Busca dos Direitos pela Inclusô Social /

Detalles Bibliográficos
Autor principal: Andrade Vaz, Raul
Formato: eBook
Lenguaje:portugués
Publicado: San Pablo: Letras Jurídicas Editora, 2011
Materias:
Acceso en línea:Acceso restringido

MARC

LEADER 00000nam a22000007a 4500
005 2020072202312.0
007 cr|||| |||
008 200722s2011 br |||||s|||| 00||0 por d
020 |a 978-85-89917-76-6 
035 |a 31811 
040 |a vLex 
090 |c 10689  |d 10689 
100 1 |a Andrade Vaz, Raul 
245 1 0 |a Inclusô dos Exclud̕os  |h [Recurso electrn̤ico] :  |b A Busca dos Direitos pela Inclusô Social /  |c Raul Andrade Vaz 
256 |a Servicio en ln̕ea 
260 |a San Pablo:  |b Letras Jurídicas Editora,  |c 2011 
300 |a 1 recurso electrn̤ico 
500 |a O presente livro ̌fruto de vr̀ios trabalhos junto a Instituiė̳s que lidam com os especiais. O prp̤rio autor teve vr̀ias passagens em movimentos voltados a inclusô e pode observar o dificuldade de acesso e a falta de informaė̳s. Tem como objetivo principal a difusô e a criaȯ̂ de cľulas multiplicadoras de conscientizaȯ̂ e de divulgaȯ̂ dos direitos e dos deveres ao "especial". 
506 1 |a Disponible solo en los productos indicados  |d vLex Global  |d vLex Global (Academic Edition, excluding Law Schools)  |d vLex Global (U.S. Academic Edition, Law Schools)  |d vLex Global (U.S. Academic Edition, excluding Law Schools)  |d vLex Global (Academic Edition, Law Schools) 
650 0 4 |a Derecho Civil  |z Brasil 
740 0 |a vLex Libros (Servicio en ln̕ea) 
856 4 0 |u http://vlex.com/source/inclus-o-dos-excluidos-a-busca-dos-direitos-pela-inclus-o-social-31811  |z Acceso restringido 
942 |c BOOK 
999 0 |a Civil Law